<?xml version="1.0" encoding="UTF-8"?>
<collection xmlns="http://www.loc.gov/MARC21/slim">
  <record>
    <leader>00000nam  2200000   4500</leader>
    <controlfield tag="001">INLIS000000000005832</controlfield>
    <controlfield tag="005">20190920104914</controlfield>
    <datafield tag="035" ind1="#" ind2="#">
      <subfield code="a">0010-0919000127</subfield>
    </datafield>
    <controlfield tag="007">ta</controlfield>
    <controlfield tag="008">190920################g##########0#ind##</controlfield>
    <datafield tag="020" ind1="#" ind2="#">
      <subfield code="a">979412060x</subfield>
    </datafield>
    <datafield tag="082" ind1="#" ind2="#">
      <subfield code="a">297.97</subfield>
    </datafield>
    <datafield tag="084" ind1="#" ind2="#">
      <subfield code="a">297.97 Per i</subfield>
    </datafield>
    <datafield tag="100" ind1=" " ind2="#">
      <subfield code="a">Perwiranegara, Alamsjah Ratu</subfield>
    </datafield>
    <datafield tag="245" ind1="1" ind2="#">
      <subfield code="a">Islam Dan Pembangunan Politik Di Indonesia /</subfield>
      <subfield code="c">Alamsjah Ratu Perwiranegara</subfield>
    </datafield>
    <datafield tag="250" ind1="#" ind2="#">
      <subfield code="a">Cet.1</subfield>
    </datafield>
    <datafield tag="260" ind1="#" ind2="#">
      <subfield code="a">Jakarta :</subfield>
      <subfield code="b">CV. Haji Masagung,</subfield>
      <subfield code="c">1987</subfield>
    </datafield>
    <datafield tag="300" ind1="#" ind2="#">
      <subfield code="a">x, 329 hlm. :</subfield>
      <subfield code="b">ilus ;</subfield>
      <subfield code="c">21 cm</subfield>
    </datafield>
    <datafield tag="650" ind1="#" ind2="#">
      <subfield code="a">Islam, Politik</subfield>
    </datafield>
    <datafield tag="520" ind1="#" ind2="#">
      <subfield code="a">Haji Alamsjah Ratu Perwiranegara, seorang prajurit yang memiliki karier baik di bidang kemiliteran maupun pemerintahan, berusaha mengadakan studi tentang hubungan Islam dengan kehidupan politik di Indonesia. Pengalamannya pada zaman perjuangan menegakkan dan mempertahankan kemerdekaan selalu prajurit, disusul dengan keterlibatannya pada perkembangan kehidupan kenegaraan pada saat-saat lahirnya orde baru dan sesudahnya, mendorongnya untuk lebih mendalami aspek-aspek kehidupan politik di Indonesia. Hasil studi H. Alamsjah ini dilakukan dengan pendekatan multi disiplin ilmu, baik historis, politis, sosiologis, kultural, maupun religius, serta memberi titik sentral kaitan pada Pancasila dan UUD 1945. Ia pun tidak mengabaikan pandangan filosofis sebagaimana pula ilmu negara dan hukum tata negara positif. Meskipun penulis menyebut adanya pandangan yang masih bersifat hipotesis, misalnya dalam hal perspektif abad XV Hijriyah, namun banyak di antaranya yang merupakan hal-hal baru yang selama ini belum terungkapkan. Sehingga buku ini sangat besar artinya dalam suatu pengembangan studi Islam dalam hubungannya dengan politik di Indonesia.</subfield>
    </datafield>
    <datafield tag="856" ind1="#" ind2="#">
      <subfield code="a">Perpustakaan Lembaga Administrasi Negara</subfield>
    </datafield>
    <datafield tag="990" ind1="#" ind2="#">
      <subfield code="a">21791</subfield>
    </datafield>
  </record>
</collection>
